| 000 | 00723nam a22001817a 4500 | ||
|---|---|---|---|
| 008 | 211013b |||||||| |||| 00| 0 eng d | ||
| 020 | _a9781932476392 | ||
| 082 | _a954.98 ARD | ||
| 245 |
_aThe Royal History of Sikkim: A Chronicle of the House of Namgyal _bAs narrated in Tibetan by Their Highness Chogyal Thutob Namgyal and Gyalmo Yeshe Dolma _cBased upon the Preliminary Translation by Kazi Dawasamdup |
||
| 260 |
_aU S A : _bSerinda Publications Inc. _c2021. |
||
| 300 |
_a635 p. _bill, _c33 p. |
||
| 500 | _aIncludes index. | ||
| 650 | _aThe Royal History of Sikkim: A Chronicle of the House of Namgyal | ||
| 700 | _aArdussi, John A | ||
| 700 | _aDenjongpa, Anna Balikci | ||
| 700 | _aSorensen, Per K. | ||
| 942 | _2ddc | ||
| 999 |
_c8900 _d8901 |
||